Normal view
MARC view
Entry Topical Term
001 - CONTROL NUMBER
- control field: 7547
003 - CONTROL NUMBER IDENTIFIER
- control field: dpl
005 - DATE AND TIME OF LATEST TRANSACTION
- control field: 20100806122043.0
008 - FIXED-LENGTH DATA ELEMENTS
- fixed length control field: 100806|||a|||||| | ||| d
040 ## - CATALOGING SOURCE
- Original cataloging agency: dpl
- Transcribing agency: dpl
150 ## - HEADING--TOPICAL TERM
- Topical term or geographic name as entry element: Hindus
- Geographic subdivision: India
670 ## - SOURCE DATA FOUND
- Source citation: Work cat.: (dpl)34904: Lahiri, Prateep K. 7544, Decoding intolerance:, 2009
670 ## - SOURCE DATA FOUND
- Source citation: Work cat.: (dpl)34904: Lahiri, Prateep K. 7544, Decoding intolerance:, 2009
